| 000 | 00579nam a2200169Ia 4500 | ||
|---|---|---|---|
| 005 | 20250923144652.0 | ||
| 008 | 008 250917s9999 xx 000 0 eng d | ||
| 037 | _aTextual | ||
| 040 |
_aDSWL _beng _cDSWL |
||
| 041 |
_aeng _2eng |
||
| 084 |
_aY11-20u45.251'N58t4, N59 _qDSWL |
||
| 100 |
_aBiswarup, Das _9827198 |
||
| 245 | 2 |
_aA comparative study of families of delinquent and normal child _cby Das Biswarup |
|
| 260 |
_aDelhi _b Delhi School of Social Work _c1959 |
||
| 942 |
_cTEXL _hY11-20u45.251'N58t4, N59 |
||
| 999 |
_c1441843 _d1441843 |
||